[Event "Donau op 16th"]
[Site "Aschach"]
[Date "2007.12.29"]
[Round "5"]
[White "Lau, Ralf"]
[Black "Obermayr, Hermann"]
[Result "1-0"]
[WhiteElo "2468"]
[BlackElo "2175"]
[PlyCount "129"]
[EventDate "2007.12.26"]
[EventType "swiss"]
[EventRounds "7"]
[EventCountry "AUT"]
[SourceTitle "CBM 122 Extra"]
[Source "ChessBase"]
[SourceDate "2008.03.04"]
[SourceVersion "1"]
[SourceVersionDate "2008.03.04"]
[SourceQuality "1"]

1. d4 d5 2. Nf3 c6 3. g3 e6 4. Bg2 f5 5. 0-0 Nf6 6. b3 b5 7. c4 Bd6 8. Bb2 0-0 9. Qc2 Bd7 10. Ne5 a5 11. Nc3 Na6 12. e3 Be8 13. Rfc1 Rb8 14. Bf1 h5 15. cxb5 cxb5 16. a4 Nb4 17. Qe2 bxa4 18. bxa4 h4 19. Nb5 Bh5 20. f3 Be7 21. Ba3 Rb6 22. Bxb4 Bxb4 23. Qg2 Ne8 24. Nc6 Qd7 25. Nxb4 axb4 26. Rc5 Nd6 27. Rac1 Ra8 28. Rc7 Qd8 29. Nxd6 Rxd6 30. gxh4 Rd7 31. Rxd7 Qxd7 32. Bb5 Qe7 33. Qg5 Qxg5+ 34. hxg5 Bxf3 35. Rb1 Kf7 36. Kf2 Be4 37. Rxb4 Rc8 38. Rb2 e5 39. dxe5 Ke6 40. a5 Kxe5 41. a6 f4 42. exf4+ Kxf4 43. a7 d4 44. Rd2 Ke5 45. Re2 Rf8+ 46. Kg3 Rf3+ 47. Kg4 Re3 48. Rxe3 dxe3 49. Be2 Ba8 50. Bf3 Kd4 51. Bxa8 e2 52. Bg2 e1Q 53. a8Q Qe6+ 54. Kh4 Qe1+ 55. Kh5 g6+ 56. Kxg6 Qe6+ 57. Kh5 Qf7+ 58. Kg4 Qe6+ 59. Kh5 Qf7+ 60. g6 Qf5+ 61. Kh6 Qf4+ 62. Kh7 Qxh2+ 63. Kg8 Qc7 64. Qe4+ Kc5 65. Qc2+ 1-0

[Event "Donau op 16th"]
[Site "Aschach"]
[Date "2007.12.27"]
[Round "2"]
[White "Rapport, Richard"]
[Black "Lau, Ralf"]
[Result "1-0"]
[WhiteElo "2197"]
[BlackElo "2468"]
[PlyCount "75"]
[EventDate "2007.12.26"]
[EventType "swiss"]
[EventRounds "7"]
[EventCountry "AUT"]
[SourceTitle "CBM 122 Extra"]
[Source "ChessBase"]
[SourceDate "2008.03.04"]
[SourceVersion "1"]
[SourceVersionDate "2008.03.04"]
[SourceQuality "1"]

1. e4 g6 2. d4 Bg7 3. Nc3 d6 4. f4 c6 5. Nf3 Bg4 6. Be3 Qb6 7. Rb1 Nd7 8. Be2 Bxf3 9. Bxf3 e5 10. Ne2 Ngf6 11. Qd2 Qa6 12. Nc3 0-0 13. Be2 Qa5 14. 0-0 exd4 15. Qxd4 Nd5 16. Qd2 Nxe3 17. Qxe3 Rae8 18. Qh3 Qd8 19. Rbd1 Nc5 20. e5 Qb6 21. Kh1 Qxb2 22. Rxd6 Qxc2 23. Qe3 Ne6 24. Rd2 Qxd2 25. Qxd2 f6 26. Bc4 Kh8 27. Qd6 fxe5 28. fxe5 Rxf1+ 29. Bxf1 Nf8 30. Qc7 Rxe5 31. Qxb7 Re1 32. Qf7 h5 33. g3 Kh7 34. Kg2 Re3 35. Nd1 Re1 36. Nf2 a5 37. Nh3 Re5 38. Bd3 1-0

[Event "Bundesliga 0506"]
[Site "Germany"]
[Date "2006.02.19"]
[Round "11.6"]
[White "Lau, Ralf"]
[Black "Lemmers, Oscar"]
[Result "1/2-1/2"]
[WhiteElo "2467"]
[BlackElo "2425"]
[PlyCount "45"]
[EventDate "2005.10.21"]
[EventType "team-tourn"]
[EventRounds "15"]
[EventCountry "GER"]
[SourceTitle "CBM 112"]
[Source "ChessBase"]
[SourceDate "2006.06.07"]
[SourceVersion "1"]
[SourceVersionDate "2006.06.07"]
[SourceQuality "1"]
[WhiteTeam "Kreuzberg"]
[BlackTeam "Wattenscheid"]
[WhiteTeamCountry "GER"]
[BlackTeamCountry "GER"]

1. e4 c5 2. Nf3 e6 3. d4 cxd4 4. Nxd4 a6 5. Bd3 Bc5 6. Nb3 Ba7 7. 0-0 Nc6 8. c4 d6 9. Nc3 Nf6 10. Qe2 0-0 11. Be3 Bxe3 12. Qxe3 e5 13. Be2 Be6 14. Rfd1 Rc8 15. Rac1 Nb4 16. a3 Nc6 17. Nd5 Bxd5 18. cxd5 Ne7 19. f3 Nd7 20. Rxc8 Qxc8 21. Rc1 Qb8 22. Na5 Rc8 23. Rxc8+ 1/2-1/2

[Event "Bundesliga 0506"]
[Site "Germany"]
[Date "2006.01.29"]
[Round "9.6"]
[White "Hertneck, Gerald"]
[Black "Lau, Ralf"]
[Result "1-0"]
[WhiteElo "2539"]
[BlackElo "2467"]
[PlyCount "61"]
[EventDate "2005.10.21"]
[EventType "team-tourn"]
[EventRounds "15"]
[EventCountry "GER"]
[SourceTitle "CBM 111"]
[Source "ChessBase"]
[SourceDate "2006.04.04"]
[SourceVersion "1"]
[SourceVersionDate "2006.04.04"]
[SourceQuality "1"]
[WhiteTeam "Tegernsee"]
[BlackTeam "Kreuzberg"]
[WhiteTeamCountry "GER"]
[BlackTeamCountry "GER"]

1. d4 d6 2. e4 g6 3. Nc3 Bg7 4. Bg5 Nd7 5. Qd2 a6 6. a4 b6 7. f4 Bb7 8. Nf3 Qc8 9. Bc4 c6 10. 0-0 b5 11. Bd3 b4 12. Ne2 a5 13. c4 bxc3 14. bxc3 d5 15. e5 Ba6 16. f5 Bxd3 17. Qxd3 gxf5 18. Nh4 e6 19. Ng3 Nb6 20. Nhxf5 exf5 21. Nxf5 Bf8 22. Nd6+ Bxd6 23. exd6 Ra7 24. Rae1+ Kf8 25. Qf3 f5 26. Qh5 Rf7 27. Bh6+ Nxh6 28. Qxh6+ Kg8 29. Re3 Qf8 30. Rg3+ Rg7 31. Rxf5 1-0

[Event "Donau op 14th"]
[Site "Aschach"]
[Date "2005.12.30"]
[Round "6"]
[White "Sebenik, Matej"]
[Black "Lau, Ralf"]
[Result "0-1"]
[WhiteElo "2407"]
[BlackElo "2467"]
[PlyCount "64"]
[EventDate "2005.12.26"]
[EventType "swiss"]
[EventRounds "7"]
[EventCountry "AUT"]
[SourceTitle "CBM 110 Extra"]
[Source "ChessBase"]
[SourceDate "2006.03.10"]
[SourceVersion "2"]
[SourceVersionDate "2006.03.10"]
[SourceQuality "1"]

1. d4 g6 2. Nf3 Bg7 3. c4 d6 4. e4 e5 5. Nc3 exd4 6. Nxd4 Ne7 7. h4 h6 8. Be3 Nbc6 9. Be2 Bd7 10. Qd2 a6 11. 0-0-0 Ne5 12. Nb3 h5 13. f3 b6 14. Kb1 Rb8 15. Nd5 Nc8 16. Bd4 f6 17. f4 Ng4 18. Rhf1 c6 19. Ne3 Qe7 20. Nxg4 hxg4 21. g3 c5 22. Bc3 b5 23. Qc2 b4 24. Be1 f5 25. Bd3 0-0 26. Bf2 a5 27. Nxa5 Ra8 28. Nb3 Bc6 29. Rfe1 Qa7 30. Nc1 b3 31. Qe2 bxa2+ 32. Ka1 fxe4 0-1

[Event "Bundesliga 0506"]
[Site "Germany"]
[Date "2005.10.21"]
[Round "7.7"]
[White "Lau, Ralf"]
[Black "Thinius, Marco"]
[Result "1/2-1/2"]
[WhiteElo "2467"]
[BlackElo "2353"]
[PlyCount "157"]
[EventDate "2005.10.21"]
[EventType "team-tourn"]
[EventRounds "15"]
[EventCountry "GER"]
[SourceTitle "CBM 110"]
[Source "ChessBase"]
[SourceDate "2006.01.31"]
[SourceVersion "1"]
[SourceVersionDate "2006.01.31"]
[SourceQuality "1"]
[WhiteTeam "Kreuzberg"]
[BlackTeam "Neukoelln"]
[WhiteTeamCountry "GER"]
[BlackTeamCountry "GER"]

1. d4 Nf6 2. Nf3 e6 3. e3 b6 4. Bd3 Bb7 5. 0-0 Be7 6. b3 0-0 7. Bb2 c5 8. a3 cxd4 9. exd4 Nc6 10. Re1 d5 11. Nbd2 Re8 12. Ne5 Nxe5 13. dxe5 Nd7 14. c4 Nc5 15. Bc2 dxc4 16. Nxc4 Qxd1 17. Raxd1 Bd5 18. Rd4 Rec8 19. Rc1 f5 20. b4 Ne4 21. Bd3 Bg5 22. Rd1 b5 23. Nd6 Nxd6 24. exd6 Bf6 25. Rxd5 exd5 26. Bxf6 gxf6 27. Bxb5 a6 28. Bd7 Rc3 29. a4 Rd8 30. Be6+ Kf8 31. d7 Rb3 32. Bxf5 Rxb4 33. Rxd5 Rxa4 34. g4 h6 35. Kg2 Ra3 36. f3 Ke7 37. Kg3 Re3 38. Ra5 Re5 39. Rxa6 Rxf5 40. gxf5 Rxd7 41. Ra4 Rd5 42. Kg4 h5+ 43. Kf4 Rb5 44. Ra7+ Kd6 45. Rh7 Rb4+ 46. Kg3 Ke5 47. Rxh5 Rb1 48. h3 Rg1+ 49. Kf2 Ra1 50. Rh4 Kxf5 51. Rg4 Rb1 52. Kg2 Ra1 53. h4 Ra8 54. Kg3 Ra1 55. Kh2 Ra3 56. Kg2 Ra8 57. Rb4 Kg6 58. Kg3 Ra5 59. Rg4+ Kf7 60. Rb4 Kg6 61. Kg4 Rc5 62. Ra4 Rb5 63. Kg3 Rc5 64. Rg4+ Kf7 65. Kh3 Ra5 66. Rg1 Rb5 67. Kg4 Kg6 68. Kf4+ Kf7 69. Ra1 Kg6 70. Ra8 Rb4+ 71. Kg3 Rb5 72. Ra6 Rc5 73. Ra8 Rb5 74. Rg8+ Kf7 75. Rg4 Ra5 76. Kf4 Ra4+ 77. Ke3 Ra3+ 78. Kf4 Ra4+ 79. Ke3 1/2-1/2

[Event "Bundesliga 0405"]
[Site "Germany"]
[Date "2005.04.10"]
[Round "15.8"]
[White "Lau, Ralf"]
[Black "Kornrumpf, Joachim"]
[Result "1/2-1/2"]
[WhiteElo "2481"]
[BlackElo "2251"]
[PlyCount "40"]
[EventDate "2004.11.12"]
[EventType "team-tourn"]
[EventRounds "15"]
[EventCountry "GER"]
[SourceTitle "CBM 107"]
[Source "ChessBase"]
[SourceDate "2005.08.01"]
[SourceVersion "1"]
[SourceVersionDate "2005.08.01"]
[SourceQuality "1"]
[WhiteTeam "Kreuzberg"]
[BlackTeam "Preetz"]
[WhiteTeamCountry "GER"]
[BlackTeamCountry "GER"]

1. e4 c5 2. Nc3 e6 3. Nf3 a6 4. g3 b6 5. Bg2 Bb7 6. 0-0 d6 7. d4 cxd4 8. Nxd4 Qc7 9. f4 Nf6 10. Qe2 Be7 11. Be3 0-0 12. g4 Nc6 13. g5 Nxd4 14. Bxd4 Nd7 15. Qh5 e5 16. Be3 g6 17. Qh6 exf4 18. Rxf4 f6 19. Qh3 Rf7 20. gxf6 Bxf6 1/2-1/2

[Event "Bundesliga 0405"]
[Site "Germany"]
[Date "2005.03.13"]
[Round "13.8"]
[White "Straeter, Timo"]
[Black "Lau, Ralf"]
[Result "1/2-1/2"]
[WhiteElo "2348"]
[BlackElo "2481"]
[PlyCount "26"]
[EventDate "2004.11.12"]
[EventType "team-tourn"]
[EventRounds "15"]
[EventCountry "GER"]
[SourceTitle "CBM 106"]
[Source "ChessBase"]
[SourceDate "2005.06.06"]
[SourceVersion "1"]
[SourceVersionDate "2005.06.06"]
[SourceQuality "1"]
[WhiteTeam "Wattenscheid"]
[BlackTeam "Kreuzberg"]
[WhiteTeamCountry "GER"]
[BlackTeamCountry "GER"]

1. d4 g6 2. e4 Bg7 3. c4 d6 4. Nc3 Nd7 5. Be3 e5 6. Nge2 Ne7 7. Qd2 h6 8. f3 c6 9. 0-0-0 Qc7 10. Kb1 b6 11. Nc1 Bb7 12. Nb3 Rd8 13. Be2 Qb8 1/2-1/2

[Event "Bundesliga 0405"]
[Site "Germany"]
[Date "2005.03.12"]
[Round "12.8"]
[White "Lau, Ralf"]
[Black "Ernst, Sipke"]
[Result "0-1"]
[WhiteElo "2481"]
[BlackElo "2521"]
[PlyCount "158"]
[EventDate "2004.11.12"]
[EventType "team-tourn"]
[EventRounds "15"]
[EventCountry "GER"]
[SourceTitle "CBM 106"]
[Source "ChessBase"]
[SourceDate "2005.06.06"]
[SourceVersion "1"]
[SourceVersionDate "2005.06.06"]
[SourceQuality "1"]
[WhiteTeam "Kreuzberg"]
[BlackTeam "Solingen"]
[WhiteTeamCountry "GER"]
[BlackTeamCountry "GER"]

1. d4 f5 2. c3 Nf6 3. Bg5 e6 4. Nd2 h6 5. Bxf6 Qxf6 6. e4 d6 7. Bd3 Nc6 8. exf5 exf5 9. Ne2 Bd7 10. 0-0 g5 11. Qc2 0-0-0 12. f4 Ne7 13. Nc4 Nd5 14. fxg5 hxg5 15. Bxf5 Qh6 16. h3 g4 17. Qe4 Nf6 18. Bxd7+ Rxd7 19. Qe6 Bg7 20. Nf4 Qh7 21. Na5 Re8 22. Qc4 Bh6 23. Nd5 Nxd5 24. Qxd5 c6 25. Qf5 gxh3 26. Qxh3 Be3+ 27. Kh2 Qg7 28. Rf5 Bg5 29. Kg1 Kc7 30. Nc4 b5 31. Qg4 Rg8 32. Rxg5 Qxg5 33. Qxg5 Rxg5 34. Ne3 Re7 35. Re1 Kd7 36. Kf2 Rf7+ 37. Kg1 Rg3 38. Re2 Rg6 39. Nd1 Re6 40. Ne3 Re4 41. a3 a6 42. Re1 a5 43. Re2 Rh7 44. Re1 Reh4 45. Re2 Rh1+ 46. Kf2 Rf7+ 47. Kg3 Re7 48. Kf3 a4 49. Kf2 Ke8 50. Kf3 Kf7 51. Kf2 Kg6 52. Kf3 Kg5 53. Kf2 d5 54. Kf3 Rf7+ 55. Kg3 Re7 56. Kf3 Re4 57. g3 Re6 58. Kg2 Rb1 59. Kf3 Re8 60. Rd2 Rh8 61. Nd1 Rh1 62. Nf2 Rhe1 63. Nh3+ Kf5 64. Nf2 Ra1 65. Kg2 Rg1+ 66. Kf3 Raf1 67. Re2 Re1 68. Rd2 Re8 69. Nh3 Rf1+ 70. Kg2 Ree1 71. Nf2 Rg1+ 72. Kf3 Re7 73. Nh3 Rge1 74. Rf2 R1e3+ 75. Kg2+ Ke4 76. Rd2 Rg7 77. Nf2+ Kf5 78. Nh1 Rge7 79. Rf2+ Kg5 0-1

[Event "Bundesliga 0405"]
[Site "Germany"]
[Date "2005.01.30"]
[Round "9.8"]
[White "Lau, Ralf"]
[Black "Rosen, Bernd"]
[Result "1/2-1/2"]
[WhiteElo "2481"]
[BlackElo "2301"]
[PlyCount "25"]
[EventDate "2004.11.12"]
[EventType "team-tourn"]
[EventRounds "15"]
[EventCountry "GER"]
[SourceTitle "CBM 106"]
[Source "ChessBase"]
[SourceDate "2005.06.06"]
[SourceVersion "1"]
[SourceVersionDate "2005.06.06"]
[SourceQuality "1"]
[WhiteTeam "Kreuzberg"]
[BlackTeam "Katernberg"]
[WhiteTeamCountry "GER"]
[BlackTeamCountry "GER"]

1. e4 e6 2. Qe2 c5 3. Nf3 Nc6 4. g3 d6 5. Bg2 g6 6. 0-0 Bg7 7. c3 Nge7 8. d3 0-0 9. Nh4 e5 10. f4 exf4 11. Bxf4 Be6 12. Na3 Qd7 13. Nf3 1/2-1/2

[Event "Bundesliga 0405"]
[Site "Germany"]
[Date "2004.11.27"]
[Round "3.8"]
[White "Fritsch, Rolf"]
[Black "Lau, Ralf"]
[Result "0-1"]
[WhiteElo "2234"]
[BlackElo "2481"]
[PlyCount "108"]
[EventDate "2004.11.12"]
[EventType "team-tourn"]
[EventRounds "15"]
[EventCountry "GER"]
[SourceTitle "CBM 105"]
[Source "ChessBase"]
[SourceDate "2005.04.11"]
[SourceVersion "1"]
[SourceVersionDate "2005.04.11"]
[SourceQuality "1"]
[WhiteTeam "Stuttgart"]
[BlackTeam "Kreuzberg"]
[WhiteTeamCountry "GER"]
[BlackTeamCountry "GER"]

1. Nf3 g6 2. d4 Bg7 3. c4 d6 4. e4 Bg4 5. d5 Nd7 6. Nc3 Ngf6 7. Be2 0-0 8. 0-0 c6 9. Be3 Qa5 10. a3 Rfc8 11. Nd2 Bxe2 12. Qxe2 Qa6 13. Rfc1 Nb6 14. Bd4 cxd5 15. Nxd5 Nfxd5 16. Bxg7 Nf4 17. Qf3 Kxg7 18. Qxf4 Nxc4 19. Rc3 e5 20. Qg4 h5 21. Qh3 Nb6 22. Rf3 Qe2 23. Nf1 Qxe4 24. Ng3 Qg4 25. Nf5+ Kf8 26. Nxd6 Rc7 27. Qg3 Qxg3 28. hxg3 Rd7 29. Ne4 Rc8 30. Nf6 Re7 31. Re1 Kg7 32. g4 hxg4 33. Nxg4 e4 34. Rb3 Nd5 35. g3 f5 36. Ne3 Nf6 37. Rd1 b6 38. Rd6 Rd7 39. Rxd7+ Nxd7 40. a4 Rc1+ 41. Kg2 Nc5 42. Ra3 Nd3 43. a5 Rb1 44. axb6 axb6 45. b3 Rb2 46. Nd1 Rd2 47. Ra1 b5 48. Kg1 b4 49. Kf1 Kh6 50. Kg1 Kh5 51. Kf1 g5 52. Kg1 f4 53. gxf4 gxf4 54. Kg2 Kg4 0-1

[Event "Bundesliga 0304"]
[Site "Germany"]
[Date "2004.03.28"]
[Round "13.5"]
[White "Schandorff, Lars"]
[Black "Lau, Ralf"]
[Result "1/2-1/2"]
[WhiteElo "2520"]
[BlackElo "2503"]
[PlyCount "88"]
[EventDate "2003.11.01"]
[EventType "team-tourn"]
[EventRounds "15"]
[EventCountry "GER"]
[SourceTitle "CBM 100"]
[Source "ChessBase"]
[SourceDate "2004.06.01"]
[SourceVersion "1"]
[SourceVersionDate "2004.06.01"]
[SourceQuality "1"]
[WhiteTeam "Werder Bremen"]
[BlackTeam "Kreuzberg"]
[WhiteTeamCountry "GER"]
[BlackTeamCountry "GER"]

1. Nf3 Nf6 2. c4 e6 3. Nc3 d5 4. d4 Nbd7 5. Bf4 dxc4 6. e3 Nb6 7. Bxc4 Nxc4 8. Qa4+ c6 9. Qxc4 Nd5 10. Bg3 Qb6 11. Qe2 Bb4 12. Rc1 Qa5 13. Qd2 0-0 14. 0-0 b6 15. a3 Bxc3 16. bxc3 Qxa3 17. Ne5 Nf6 18. f3 Nh5 19. Ra1 Qe7 20. Nxc6 Qb7 21. Ne5 Nxg3 22. hxg3 Qc7 23. g4 Rd8 24. Rfd1 h6 25. Qb2 Bb7 26. Qb3 Bd5 27. c4 Bb7 28. Ra2 Rdc8 29. Rc1 Bc6 30. Kf2 Be8 31. Nd3 a5 32. e4 Rd8 33. d5 b5 34. c5 exd5 35. exd5 a4 36. Qc3 Rxd5 37. Nb4 Rdd8 38. c6 Rac8 39. Qc5 Qf4 40. Rcc2 Qd4+ 41. Kg3 Qxc5 42. Rxc5 Rd4 43. Rxb5 Bxc6 44. Nxc6 Rxc6 1/2-1/2

[Event "Bundesliga 0304"]
[Site "Germany"]
[Date "2004.02.15"]
[Round "8.4"]
[White "Bischoff, Klaus"]
[Black "Lau, Ralf"]
[Result "1-0"]
[WhiteElo "2564"]
[BlackElo "2503"]
[PlyCount "71"]
[EventDate "2003.11.01"]
[EventType "team-tourn"]
[EventRounds "15"]
[EventCountry "GER"]
[SourceTitle "CBM 100"]
[Source "ChessBase"]
[SourceDate "2004.06.01"]
[SourceVersion "1"]
[SourceVersionDate "2004.06.01"]
[SourceQuality "1"]
[WhiteTeam "Tegernsee"]
[BlackTeam "Kreuzberg"]
[WhiteTeamCountry "GER"]
[BlackTeamCountry "GER"]

1. d4 d6 2. e4 Nf6 3. f3 d5 4. e5 Nfd7 5. f4 e6 6. Nf3 c5 7. c3 Nc6 8. Be3 a6 9. Nbd2 b5 10. a3 cxd4 11. cxd4 Nb6 12. b3 Bd7 13. Bd3 h6 14. h4 Rc8 15. h5 Na5 16. Bf2 Rc3 17. Qb1 Nb7 18. Ng1 Be7 19. Ne2 Rc7 20. Nf3 a5 21. 0-0 0-0 22. Qd1 f5 23. exf6 gxf6 24. f5 exf5 25. Nh4 Rf7 26. Nxf5 Bf8 27. Bg3 Rc8 28. Nf4 Bxf5 29. Bxf5 Rc3 30. Rf3 Rc6 31. Re3 Nd6 32. Ne6 Qe7 33. Bxd6 Rxd6 34. Qg4+ Rg7 35. Qf3 Rf7 36. Rae1 1-0

[Event "AUT-chT2O 0304"]
[Site "Austria"]
[Date "2004.02.01"]
[Round "9.1"]
[White "Lau, Ralf"]
[Black "Markos, Jan"]
[Result "1-0"]
[WhiteElo "2497"]
[BlackElo "2459"]
[PlyCount "33"]
[EventDate "2003.10.25"]
[EventType "team-tourn"]
[EventRounds "11"]
[EventCountry "AUT"]
[SourceTitle "EXT 2005"]
[Source "ChessBase"]
[SourceDate "2004.11.15"]
[SourceVersion "1"]
[SourceVersionDate "2004.11.15"]
[SourceQuality "1"]
[WhiteTeam "Tschaturanga II"]
[BlackTeam "Pamhagen SV Raiba"]
[WhiteTeamCountry "AUT"]
[BlackTeamCountry "AUT"]

1. d4 Nf6 2. Nf3 e6 3. e3 b6 4. Bd3 Bb7 5. 0-0 c5 6. Nbd2 cxd4 7. exd4 Be7 8. Re1 0-0 9. c3 d6 10. a4 a6 11. Nf1 Nbd7 12. Ng3 Re8 13. Bd2 Ra7 14. Ng5 Qa8 15. f3 Bf8 16. Qc2 h6 17. Bh7+ 1-0

[Event "Ansfelden"]
[Site "Ansfelden"]
[Date "2003.09.14"]
[Round "3"]
[White "Knoll, Hermann"]
[Black "Lau, Ralf"]
[Result "1/2-1/2"]
[WhiteElo "2361"]
[BlackElo "2505"]
[PlyCount "20"]
[EventDate "2003.09.12"]
[EventType "tourn"]
[EventRounds "9"]
[EventCountry "AUT"]
[EventCategory "7"]
[SourceTitle "CBM 096 Extra"]
[Source "ChessBase"]
[SourceDate "2003.10.22"]
[SourceVersion "2"]
[SourceVersionDate "2003.10.20"]
[SourceQuality "1"]

1. d4 Nf6 2. Nf3 c5 3. c3 e6 4. Bg5 d5 5. e3 Nc6 6. Nbd2 h6 7. Bh4 cxd4 8. exd4 Be7 9. Bd3 a6 10. 0-0 0-0 1/2-1/2

[Event "Ansfelden"]
[Site "Ansfelden"]
[Date "2003.09.12"]
[Round "1"]
[White "Moser, Eva"]
[Black "Lau, Ralf"]
[Result "1/2-1/2"]
[WhiteElo "2328"]
[BlackElo "2505"]
[PlyCount "84"]
[EventDate "2003.09.12"]
[EventType "tourn"]
[EventRounds "9"]
[EventCountry "AUT"]
[EventCategory "7"]
[SourceTitle "CBM 096 Extra"]
[Source "ChessBase"]
[SourceDate "2003.10.22"]
[SourceVersion "2"]
[SourceVersionDate "2003.10.20"]
[SourceQuality "1"]

1. e4 c5 2. d3 e6 3. g3 d5 4. Nd2 Nc6 5. Bg2 g6 6. f4 Bg7 7. Nh3 Nge7 8. 0-0 b5 9. Nf2 h5 10. Nf3 a5 11. e5 Nf5 12. Ng5 b4 13. c4 Ncd4 14. Re1 a4 15. Nf3 Nc6 16. Be3 Qb6 17. Ng5 Nce7 18. Qe2 Bd7 19. Rac1 Rc8 20. Nd1 dxc4 21. dxc4 Nc6 22. Nf2 Ncd4 23. Bxd4 Nxd4 24. Qd3 Bf8 25. Nfe4 Be7 26. Nf3 Nf5 27. Nf6+ Bxf6 28. exf6 Rc7 29. Ne5 Bc8 30. Be4 Nd4 31. Bxg6 Rh6 32. Be4 Rxf6 33. Bg2 Rh6 34. Rcd1 Bb7 35. Bxb7 Qxb7 36. Qe4 Qxe4 37. Rxe4 Nf5 38. Kf2 Ke7 39. Re2 Rh8 40. Red2 Nd4 41. Nf3 Nf5 42. Ne5 Rhc8 1/2-1/2

[Event "Vienna op 14th"]
[Site "Vienna"]
[Date "2003.08.22"]
[Round "7"]
[White "Willemze, Jeroen"]
[Black "Lau, Ralf"]
[Result "1/2-1/2"]
[WhiteElo "2327"]
[BlackElo "2505"]
[PlyCount "39"]
[EventDate "2003.08.16"]
[EventType "swiss"]
[EventRounds "9"]
[EventCountry "AUT"]
[SourceTitle "CBM 095 Extra"]
[Source "ChessBase"]
[SourceDate "2003.09.04"]
[SourceVersion "1"]
[SourceVersionDate "2003.09.04"]
[SourceQuality "1"]

1. e4 g6 2. d4 Bg7 3. Nc3 c6 4. Nf3 d6 5. Be3 Nd7 6. Qd2 b5 7. Bd3 Qc7 8. 0-0 Bb7 9. a4 b4 10. Ne2 c5 11. c4 Ngf6 12. d5 Ng4 13. Bg5 Nge5 14. Nxe5 Nxe5 15. Rab1 h6 16. Bh4 g5 17. Bg3 0-0-0 18. f4 gxf4 19. Bxf4 Rdf8 20. Ng3 1/2-1/2

[Event "Vienna op 14th"]
[Site "Vienna"]
[Date "2003.08.17"]
[Round "2"]
[White "Lau, Ralf"]
[Black "Todor, Razvan"]
[Result "1/2-1/2"]
[WhiteElo "2505"]
[BlackElo "2238"]
[PlyCount "74"]
[EventDate "2003.08.16"]
[EventType "swiss"]
[EventRounds "9"]
[EventCountry "AUT"]
[SourceTitle "CBM 095 Extra"]
[Source "ChessBase"]
[SourceDate "2003.09.04"]
[SourceVersion "1"]
[SourceVersionDate "2003.09.04"]
[SourceQuality "1"]

1. g3 d5 2. Bg2 c6 3. d3 Bg4 4. h3 Bh5 5. Nd2 Nd7 6. Ngf3 e6 7. b3 Be7 8. Bb2 Bf6 9. c3 h6 10. Qc2 Qc7 11. 0-0 Ne7 12. Rfe1 0-0 13. e4 c5 14. Nh2 dxe4 15. dxe4 Nc6 16. f4 Bg6 17. Kh1 Nb6 18. Ndf3 a5 19. Qf2 c4 20. Ng4 Be7 21. Nd2 h5 22. Ne3 cxb3 23. axb3 a4 24. b4 Na7 25. Rac1 f6 26. h4 Bd6 27. Bf3 Rfd8 28. Red1 Bf8 29. Qe2 Nac8 30. Nc2 e5 31. f5 Bf7 32. Na3 Qc6 33. Kh2 Na7 34. Kh3 Rd7 35. Ndb1 Rad8 36. Rxd7 Rxd7 37. Rd1 Nac8 1/2-1/2

[Event "Bundesliga 0203"]
[Site "Germany"]
[Date "2003.03.29"]
[Round "14.3"]
[White "Jirovsky, Milos"]
[Black "Lau, Ralf"]
[Result "1-0"]
[WhiteElo "2457"]
[BlackElo "2491"]
[PlyCount "103"]
[EventDate "2002.10.19"]
[EventType "team-tourn"]
[EventRounds "15"]
[EventCountry "GER"]
[SourceTitle "CBM 095"]
[Source "ChessBase"]
[SourceDate "2003.07.25"]
[SourceVersion "1"]
[SourceVersionDate "2003.07.25"]
[SourceQuality "1"]
[WhiteTeam "Forchheim"]
[BlackTeam "Kreuzberg"]
[WhiteTeamCountry "GER"]
[BlackTeamCountry "GER"]

1. d4 g6 2. g3 d5 3. Bg2 Bg7 4. Nf3 e6 5. Nbd2 Nf6 6. 0-0 0-0 7. c4 b6 8. b4 Nbd7 9. Ba3 Re8 10. Rc1 Bb7 11. e3 c6 12. Rc2 Bf8 13. Qc1 a5 14. b5 c5 15. Rd1 Rc8 16. Bb2 Bg7 17. Ne5 Nxe5 18. dxe5 Ng4 19. cxd5 exd5 20. Nc4 Nxe5 21. Bxe5 Bxe5 22. Rcd2 Qf6 23. Bxd5 Bxd5 24. Rxd5 Bc7 25. Qc2 Qf3 26. R1d2 h5 27. Nd6 Bxd6 28. Rxd6 Qb7 29. Qc4 Qe4 30. Qxe4 Rxe4 31. Rxb6 Rb4 32. Rd7 c4 33. Rc6 Rb8 34. Rcc7 c3 35. Kg2 c2 36. Rxc2 R8xb5 37. Ra7 h4 38. a3 Ra4 39. Rc3 hxg3 40. hxg3 Kg7 41. f4 g5 42. Kf3 gxf4 43. gxf4 Rb6 44. Re7 Rh6 45. Kg4 Rg6+ 46. Kf5 Rb6 47. Ke5 Kf8 48. Rcc7 f6+ 49. Kf5 Rxa3 50. Rh7 Kg8 51. Rhd7 Rb8 52. Kg6 1-0

[Event "AUT-chT 0203"]
[Site "Austria"]
[Date "2003.03.16"]
[Round "11.3"]
[White "Lau, Ralf"]
[Black "Penz, Harald"]
[Result "1-0"]
[WhiteElo "2506"]
[BlackElo "2324"]
[PlyCount "101"]
[EventDate "2002.12.05"]
[EventType "team-tourn"]
[EventRounds "11"]
[EventCountry "AUT"]
[SourceTitle "EXT 2004"]
[Source "ChessBase"]
[SourceDate "2003.11.25"]
[SourceVersion "1"]
[SourceVersionDate "2003.11.25"]
[SourceQuality "1"]
[WhiteTeam "Tschaturanga"]
[BlackTeam "Hietzing/Fischer SK"]
[WhiteTeamCountry "AUT"]
[BlackTeamCountry "AUT"]

1. g3 Nf6 2. Bg2 d5 3. c4 dxc4 4. Na3 Nbd7 5. Nxc4 g6 6. b3 Bg7 7. Bb2 0-0 8. Nf3 c6 9. 0-0 Nb6 10. d3 Be6 11. Qc2 Qc8 12. Rfe1 Rd8 13. a3 Bh3 14. Bh1 Bd7 15. Na5 Be8 16. Rac1 Nfd7 17. Bxg7 Kxg7 18. d4 Nf6 19. e4 Rb8 20. b4 Qd7 21. Bg2 Rdc8 22. h3 e6 23. Qb2 Qe7 24. Ne5 Kg8 25. Rcd1 Rd8 26. Nd3 Na4 27. Qc2 Nb6 28. Nc5 Na8 29. Ncb3 Nb6 30. Qc5 Nc8 31. Qe5 Nd6 32. d5 Rbc8 33. dxc6 Bxc6 34. Nxc6 Rxc6 35. Na5 Rcc8 36. Qg5 b6 37. e5 h6 38. exf6 Qf8 39. Qe5 bxa5 40. Qxa5 Rd7 41. Qa6 Rb8 42. Rd4 Rdd8 43. Red1 Nf5 44. Rd7 Rxd7 45. Rxd7 Rb6 46. Qxa7 Rd6 47. Qc7 g5 48. Be4 Rxd7 49. Qxd7 Nd6 50. Bb1 Ne8 51. Qd8 1-0

[Event "AUT-chT2O 0203"]
[Site "Austria"]
[Date "2003.02.15"]
[Round "8.1"]
[White "Lau, Ralf"]
[Black "Polak, Tomas"]
[Result "1/2-1/2"]
[WhiteElo "2506"]
[BlackElo "2475"]
[PlyCount "29"]
[EventDate "2002.10.25"]
[EventType "team-tourn"]
[EventRounds "11"]
[EventCountry "AUT"]
[SourceTitle "EXT 2020"]
[Source "ChessBase"]
[SourceDate "2019.10.17"]
[SourceVersion "1"]
[SourceVersionDate "2019.10.17"]
[SourceQuality "1"]
[WhiteTeam "Tschaturanga"]
[BlackTeam "Stockerau"]
[WhiteTeamCountry "AUT"]
[BlackTeamCountry "AUT"]

1. d4 Nf6 2. Nf3 e6 3. g3 d5 4. Bg2 Be7 5. 0-0 0-0 6. b3 Nbd7 7. Bb2 c6 8. c4 b6 9. Nc3 Bb7 10. Rc1 Rc8 11. Re1 h6 12. e3 Re8 13. Rc2 Qc7 14. Qb1 Qb8 15. Rec1 1/2-1/2